| 000 | 00679nam a2200241Ia 4500 | ||
|---|---|---|---|
| 008 | 170203s9999 xx 000 0 und d | ||
| 020 | _a0-152008063 | ||
| 050 | _a796.092 | ||
| 050 | _b.K941 1997 | ||
| 100 | _aKrull, Kathleen. | ||
| 245 | _aLives of the athletes : | ||
| 245 | _bthrills, spills (and what the neighbors thought) / | ||
| 245 | _cKathleen Krull; illustrated by Kathryn Hewitt. | ||
| 260 | _aSingapore : | ||
| 260 | _bHarcourt Educational Ltd. | ||
| 260 | _c1997 | ||
| 300 | _a96 pages : | ||
| 300 | _billustrations ; | ||
| 300 | _c29 cm. | ||
| 500 | _aIncludes biographical references. | ||
| 650 | _aAthletes. | ||
| 650 | _xJuvenile literature. | ||
| 999 |
_c305520 _d305520 |
||